Folklór zbližuje

Bibliographic Details
Main Author: Šterbaková, Eva (Author)
Format: Article
Language:Slovak
Subjects:

MARC

LEADER 00000nab a2200000 ar4500
001 vtls008427444
003 SK-MaSNL
005 20260303065955.0
008 060201c2004 xo mr|p|||||||000 b|slo
038 |a SNSK 
040 |b slo  |c SNSK  |e AACR2 
041 0 |a slo 
044 |a xo  |c SK 
080 |a 398  |2 UDC-MRF-SK2 
080 |a 78.071  |2 UDC-MRF-SK2 
080 |a 784.4  |2 UDC-MRF-SK2 
080 |a 785.1  |2 UDC-MRF-SK2 
100 1 |a Šterbaková, Eva  |4 aut  |9 543007 
245 1 0 |a Folklór zbližuje  |c Eva Šterbaková 
610 2 7 |a Ľudová hudba Špjevanka (Spišská Nová Ves, Slovensko)  |2 snsk  |9 1066757 
650 0 7 |a ľudová hudba  |2 snsk  |9 3183 
650 0 7 |a výročia a významné udalosti  |2 snsk  |9 16069 
651 7 |a Spišská Nová Ves (Slovensko)  |2 snsk  |9 28800 
773 0 |t Informátor. Kultúrno-spoločenský mesačník mesta Spišská Nová Ves  |g Č. 12 (2004), s. 12. 
852 |a SNSK  |b KIS3GCP 
999 |c 1753484  |d 1755414